000 00686nam a2200229Ia 4500
008 191130s2008##################000#0#eng##
020 _a9780230001565
022 _a2007052920
040 _aACL
_cACL
082 _a301.0922 STO
100 _aStones, Rob
245 _aKey sociological thinkers / edited by rob stones
250 _a2nd ed
260 _aHoundmills, Basingstoke, Hampshire ; New York
_bPalgrave Macmillan
_c2008
300 _axvi, 480 p. ; 24 cm
500 _aIncludes bibliographical references (p. 429-459) and index
650 _aSociologists
650 _aSociology
990 _a4effab33ac10000c19971686e3b2cb0d
991 _a295547
999 _c225931
_d225931